000 00309nam a2200133Ia 4500
008 230917s9999||||xx |||||||||||||| ||und||
040 _e159432
_aMAIN
041 _aEnglish
082 _a181.4 S69S
100 _aSapda, Suman
245 0 _aShadadarshan mein moksha ka swarup
300 _a86 p.
942 _cTH
999 _c49848
_d49848